000 00415nam a2200169 a 4500
001 #############
001 26079
003 CO-ViMGA
008 141112s2004 ck r 000 u spa d
040 _aCO-ViMGA
_bspa
_cCO-ViMGA
082 0 4 _a301.161 G73n
100 1 _aGeenfield, P. Marks
_910794
245 1 0 _aEl niño y los medios de comunicación/
250 _a2da. ed.
300 _a244 p.
942 _2ddc
_cBK
999 _c33303
_d33303